000 00314nam a2200121Ia 4500
008 220204s9999 xx 000 0 und d
082 _bSAT
100 _aSathees Kumar, K G
245 0 _aRubber karshakarkkoru kaippusthakam (Malayalam).Ed.7
250 _a7
260 _aKottayam
_bRubber Board
_c2010
942 _cBK
999 _c44446
_d44446